Quiz TWD - Statistiques

Statistiques générales
  • Ce quiz a été pris 236 fois
  • Le résultat moyen est 28 sur 68
Statistiques - réponses
Indice Réponse % Correct
Andrew Lincoln Rick Grimes
99%
Norman Reedus Daryl Dixon
94%
Lauren Cohan Maggie Rhee
93%
Chandler Riggs Carl Grimes
89%
Steven Youn Glenn Rhee
89%
Melissa McBride Carol Peletier
87%
Danai Gurira Michonne
83%
Jeffrey Dean Morgan Negan Smith
83%
Sarah Wayne Callies Lori Grimes
76%
Jon Bernthal Shane Walsh
73%
Laurie Holden Andrea Harrison
71%
Michael Cudlitz Abraham Ford
70%
Christian Serratos Rosita Espinosa
69%
Cailey Fleming Judith Grimes
68%
Emily Kinney Beth Greene
67%
Josh McDermitt Eugene Porter
63%
David Morrisey Philip Blake/ Le Gouverneur
63%
Michael Rooker Merle Dixon
60%
Lennie Jones Morgan Jones
58%
Sonequa Martin-Green Sasha Williams
57%
Samantha Morton Alpha
56%
Khary Payton Ezekiel
52%
Alanna Masterson Tara Chambler
52%
Seth Gilliam Gabriel Stokes
51%
Tom Payne Paul "Jesus" Rovia
51%
IronE Singleton T-Dog Douglas
51%
Jeffrey DeMunn Dale Horvath
50%
Ross Marquand Aaron
48%
Katelyn Nacon Enid
48%
Ryan Hurst Beta
47%
Austin Amelio Dwight
42%
Chad L. Coleman Tyreese Williams
41%
Cassady McClincy Lydia
37%
Madison Lintz Sophia Peletier
36%
Eleanor Matsuura Yumiko Okumura
34%
Lawrence Gilliard Jr. Bob Stookey
33%
Lauren Ridloff Connie
33%
Cooper Andrews Jerry
33%
Paola Lazaro Juanita "Princesse" Sanchez
32%
Nadia Hilker Magna
31%
Matt Lintz Henry Peletier
30%
Avi Nash Siddiq
30%
Tyler James Williams Noah
28%
Austin Nichols Spencer Monroe
24%
Scott Wilson Hershel Greene
23%
Antony Azor RJ Grimes
23%
Callan McAuliffe Alden
20%
Angel Theory Kelly
20%
Lynn Collins Leah Shaw
20%
Michael James Shaw Michael Mercer
20%
Hilarie Burton Morgan Lucille Smith
18%
Dan Fogler Luke Abrams
18%
Laila Robins Pamela Milton
16%
Okea Eme-Akwari Elijah
12%
Lindsley Register Laura
12%
Sydney Park Cyndie Ward
11%
Anabelle Holloway Gracie
11%
Margot Bingham Maxxine Porter
11%
Kien Michael Spiller Hershel Rhee
10%
Josh Hamilton Lance Hornsby
10%
Alex Meraz Brandon Carver
8%
Teo Rapp-Olsson Sebastian Milton
8%
Ian Anthony Dale Tomichi Okumura
8%
Kevin Caroll Virgil
8%
Alex Sgambati Jules Butler
7%
Laurie Fortier Agatha
6%
Avianna Mynhier Rachel Ward
6%
Medina Senghore Annie Smith
4%
Aucun quiz correspondant
Distribution des résultats
% des personnes avec chaque résultat
Percentile par nombre de réponses
Votre historique - résultats
Vous n’avez pas pris ce quiz